Estudio de la suficiencia y de los mecanismos de ajuste de riesgo para el calculo de la unidad de pago por capitación para garantizar el plan obligatorio de salud en el año 2006 / (Registro nro. 6362)

Detalles MARC
000 -LEADER
fixed length control field 01207nam a2200277Ia 4500
003 - CONTROL NUMBER IDENTIFIER
control field OSt
005 - DATE AND TIME OF LATEST TRANSACTION
control field 20210302094408.0
008 - FIXED-LENGTH DATA ELEMENTS--GENERAL INFORMATION
fixed length control field 191128s2011 ck ad gr 000 0 spa d
020 ## - INTERNATIONAL STANDARD BOOK NUMBER
International Standard Book Number 9789588717265
040 ## - CATALOGING SOURCE
Original cataloging agency Co-JMCR
Transcribing agency Co-JMCR
041 0# - LANGUAGE CODE
Language code of text/sound track or separate title spa
082 04 - DEWEY DECIMAL CLASSIFICATION NUMBER
Classification number 368.4 /
Item number B689e
Edition number 23
100 1# - MAIN ENTRY--PERSONAL NAME
Personal name Bolívar Vargas, Mery Concepción,
Relator term autora
9 (RLIN) 8997
245 10 - TITLE STATEMENT
Title Estudio de la suficiencia y de los mecanismos de ajuste de riesgo para el calculo de la unidad de pago por capitación para garantizar el plan obligatorio de salud en el año 2006 /
Statement of responsibility, etc. Bolívar Vargas, Mery Concepción, Hernando Guerrero Moreno, [Y otros 3]
260 ## - PUBLICATION, DISTRIBUTION, ETC.
Place of publication, distribution, etc. Bogotá :
Name of publisher, distributor, etc. Ministerio de protección Social,
Date of publication, distribution, etc. 2011.
300 ## - PHYSICAL DESCRIPTION
Extent 110 páginas :
Other physical details gráficos a blanco y negro ;
Dimensions 28 cm. +
Accompanying material 1 CD-ROM
300 ## - PHYSICAL DESCRIPTION
Other physical details
490 0# - SERIES STATEMENT
Series statement Colección de estudios de suficiencia UPC-POS
504 ## - BIBLIOGRAPHY, ETC. NOTE
Bibliography, etc. note Bibliografía : páginas 103-104.
505 0# - FORMATTED CONTENTS NOTE
Formatted contents note Metodología -- Resultados -- Conclusiones y recomendaciones
650 24 - SUBJECT ADDED ENTRY--TOPICAL TERM
Topical term or geographic name entry element Régimen pensiones
9 (RLIN) 9016
650 24 - SUBJECT ADDED ENTRY--TOPICAL TERM
Topical term or geographic name entry element Estudio
General subdivision Régimen subsidiado
9 (RLIN) 9017
700 1# - ADDED ENTRY--PERSONAL NAME
Personal name Guerrero Moreno, Hernando,
Relator term autor
9 (RLIN) 9000
700 1# - ADDED ENTRY--PERSONAL NAME
Personal name Ordóñez Lega, Inés Elvira,
Relator term autora
9 (RLIN) 9018
942 ## - ADDED ENTRY ELEMENTS (KOHA)
Source of classification or shelving scheme Dewey Decimal Classification
Koha item type Books
Existencias
Withdrawn status Lost status Source of classification or shelving scheme Damaged status Not for loan Collection code Home library Current library Date acquired Source of acquisition Full call number Barcode Date last seen Copy number Price effective from Koha item type Shelving location Total Checkouts
    Dewey Decimal Classification     Non-fiction Biblioteca Pública José María del Castillo y Rada Biblioteca Pública José María del Castillo y Rada 11/28/2019 Donación 368.4 / B689e 430013158 05/16/2024 Ej.1 11/28/2019 Books    
    Dewey Decimal Classification     Non-fiction Biblioteca Pública José María del Castillo y Rada Biblioteca Pública José María del Castillo y Rada 11/28/2019 Donación 368.4 / B689e 201810693 03/02/2021 Ej.1 11/28/2019 Books Audio Visual